| 000 | 00371nam a22001217a 4500 | ||
|---|---|---|---|
| 041 | _aENG | ||
| 100 | _aRokhade.A.K | ||
| 245 | _aValue Addition And Processing in Agri-Horti Based Production Systems Adopted In Watershed Areas | ||
| 260 |
_aDharwad. _bUniversity of Agricultural Sciences _c2003 |
||
| 300 | _a50 | ||
| 650 | _aAgricultural (19) | ||
| 856 | _uAgricultural (19) | ||
| 999 |
_c3097 _d3097 |
||